Loading...
| History - Other | 0 | 7 | 1 | 0 | 65 | 13 | 54.00 | 1 | 6 | 35.59 | 53.33 |
| History - European | 0 | 5 | 0 | 0 | 50 | 17 | 45.40 | 1 | 3 | 28.61 | 32.22 |
| Literature - British | 0 | 3 | 0 | 1 | 30 | 46 | 84.33 | 1 | 1 | 7.83 | 15.56 |
| Fine Arts - Painting and Sculpture | 0 | 3 | 0 | 3 | 30 | 98 | 115.67 | 0 | 0 | 0.08 | 4.44 |
| Science - Other | 0 | 3 | 0 | 0 | 30 | 58 | 72.00 | 0 | 1 | 11.64 | 16.67 |
| Social Science | 0 | 2 | 0 | 0 | 20 | 23 | 40.50 | 1 | 1 | 15.86 | 19.44 |
| Fine Arts - Other | 0 | 2 | 0 | 0 | 20 | 73 | 83.50 | 0 | 0 | 5.91 | 6.67 |
| Literature - European | 0 | 2 | 0 | 0 | 20 | 73 | 78.00 | 0 | 0 | 6.74 | 12.22 |
| History - American | 0 | 1 | 0 | 0 | 10 | 55 | 55.00 | 0 | 1 | 5.00 | 7.78 |
| Literature - World | 0 | 1 | 0 | 0 | 10 | 68 | 68.00 | 0 | 1 | 4.65 | 8.89 |
| Mythology | 0 | 1 | 0 | 0 | 10 | 87 | 87.00 | 0 | 0 | 2.87 | 3.33 |
| Philosophy | 0 | 1 | 0 | 0 | 10 | 42 | 42.00 | 0 | 0 | 7.40 | 8.33 |
| Current Events | 0 | 1 | 0 | 0 | 10 | 106 | 106.00 | 0 | 0 | 0.69 | 11.11 |
| History - World | 0 | 2 | 3 | 0 | 5 | 40 | 64.50 | 0 | 1 | 8.10 | 11.11 |
| Science - Chemistry | 0 | 1 | 2 | 0 | 0 | 73 | 73.00 | 0 | 0 | 3.18 | 3.33 |
| Science - Biology | 0 | 1 | 2 | 0 | 0 | 59 | 59.00 | 1 | 1 | 4.64 | 10.00 |